| 000 | 00536nam a2200181Ia 4500 | ||
|---|---|---|---|
| 008 | 190805s9999||||xx |||||||||||||| ||und|| | ||
| 020 |
_a9788126412266 _cRs. 460.00 |
||
| 082 | 0 | 4 |
_a813.54 _bB8126 |
| 100 | 1 | _aBrown, Dan | |
| 245 | 1 | 4 |
_aThe Da Vinci Code / _cDan Brown ; translated by Jomy Thomas, R. Gopikrishnan |
| 260 |
_aKottayam : _bD C Books, _c2018 |
||
| 300 |
_a469 p. _b : _c; 21 cm. |
||
| 650 | 0 |
_aCryptographers _vFiction |
|
| 700 | 1 | _aGopikrishnan, R. | |
| 700 | 1 | _aThomas, Jomy | |
| 942 | _cBK | ||
| 999 |
_c450 _d450 |
||